00621nam a22002057a 450000500170000000800090001704100080002608200110003410000370004524500850008226000090016730000170017665000220019365000410021565000310025665000340028794200070032199900170032895200700034520210303121750.0Español aspa aTU 111 aSoto Ugalde, Kelly Rebeca959797 aInforme de práctica supervisada realizada en la Oficina de Turismo de Cartago c2019 a27 páginas aCOSTA RICA959811 aOFICINA DE TURISMO DE CARTAGO959799 aHISTORIA DE CARTAGO959800 aATRACTIVOS TURÍSTICOS95394 cIP c12924d12924 00104070l0oTU 111pTU111r2021-03-03 00:00:00w2021-03-03yIP